000 00356nam a2200169Ia 4500
003 IT-RoPAU
008 120407s9999 xx 000 0 und d
040 _aIT-RoPAU
040 _cIT-RoPAU
100 _aJanneau Guillaume
245 _aDictionnaire des styles
250 _aParis
260 _aLarousse
300 _c cm
490 _v1
942 _cBK
999 _c7356
_d7356